<?xml version="1.0" encoding="UTF-8"?>
<record
    xmlns:xsi="http://www.w3.org/2001/XMLSchema-instance"
    xsi:schemaLocation="http://www.loc.gov/MARC21/slim http://www.loc.gov/standards/marcxml/schema/MARC21slim.xsd"
    xmlns="http://www.loc.gov/MARC21/slim">

  <leader>01124nam a2200265 i 4500</leader>
  <controlfield tag="003">CO-BoRNBP</controlfield>
  <controlfield tag="005">20241004155643.0</controlfield>
  <controlfield tag="007">ta</controlfield>
  <controlfield tag="008">241004s2016    ck a|||| |||| 00| 0 spa d</controlfield>
  <datafield tag="020" ind1=" " ind2=" ">
    <subfield code="a">9789585860773</subfield>
  </datafield>
  <datafield tag="040" ind1=" " ind2=" ">
    <subfield code="a">CO-BoRNBP</subfield>
    <subfield code="b">spa</subfield>
    <subfield code="c">CO-BoRNBP</subfield>
    <subfield code="e">rda</subfield>
  </datafield>
  <datafield tag="084" ind1=" " ind2=" ">
    <subfield code="a">C MOL</subfield>
  </datafield>
  <datafield tag="245" ind1=" " ind2=" ">
    <subfield code="a">El Gran Libro de Valores para la Familia:</subfield>
    <subfield code="b">Cuentos, actividades y juegos para estimular el aprendizaje/</subfield>
    <subfield code="c">Ilustrador, Fernando Cort&#xE9;s Ramos; Auxiliar de Ilustraci&#xF3;n, Andr&#xE9;s Escobar Ladino; Adaptaciones Literarias, Wilson Molina Rodr&#xED;guez</subfield>
  </datafield>
  <datafield tag="250" ind1=" " ind2=" ">
    <subfield code="a">Primera edici&#xF3;n</subfield>
  </datafield>
  <datafield tag="264" ind1=" " ind2="1">
    <subfield code="a">Bogot&#xE1;, Colombia</subfield>
    <subfield code="b">C&#xED;rculo Cultural</subfield>
    <subfield code="c">&#xA9;2016</subfield>
  </datafield>
  <datafield tag="300" ind1=" " ind2=" ">
    <subfield code="a">64 p&#xE1;ginas</subfield>
    <subfield code="b">ilustrastraciones a color</subfield>
    <subfield code="c">31 cm</subfield>
  </datafield>
  <datafield tag="336" ind1=" " ind2=" ">
    <subfield code="2">rdacontent</subfield>
    <subfield code="a">texto</subfield>
    <subfield code="b">txt</subfield>
  </datafield>
  <datafield tag="337" ind1=" " ind2=" ">
    <subfield code="2">rdamedia</subfield>
    <subfield code="a">sin mediaci&#xF3;n</subfield>
    <subfield code="b">n</subfield>
  </datafield>
  <datafield tag="338" ind1=" " ind2=" ">
    <subfield code="2">rdacarrier</subfield>
    <subfield code="a">volumen</subfield>
    <subfield code="b">nc</subfield>
  </datafield>
  <datafield tag="650" ind1=" " ind2=" ">
    <subfield code="2">LEMB</subfield>
    <subfield code="a">Cuentos infantiles</subfield>
    <subfield code="9">2743</subfield>
  </datafield>
  <datafield tag="650" ind1=" " ind2=" ">
    <subfield code="2">LEMB</subfield>
    <subfield code="a">Valores sociales</subfield>
    <subfield code="v">Cuentos</subfield>
    <subfield code="9">42818</subfield>
  </datafield>
  <datafield tag="650" ind1=" " ind2=" ">
    <subfield code="2">LEMB</subfield>
    <subfield code="a">Actividades creativas y trabajo de clase</subfield>
    <subfield code="9">42819</subfield>
  </datafield>
  <datafield tag="700" ind1=" " ind2=" ">
    <subfield code="a">Autor a&#xF1;adido: Cort&#xE9;s Ramos, Fernando, Escobar Ladino, Andr&#xE9;s, Molina Rodr&#xED;guez, Wilson,</subfield>
    <subfield code="9">42820</subfield>
  </datafield>
  <datafield tag="942" ind1=" " ind2=" ">
    <subfield code="2">ddc</subfield>
    <subfield code="c">BKINF</subfield>
  </datafield>
  <datafield tag="999" ind1=" " ind2=" ">
    <subfield code="c">38412</subfield>
    <subfield code="d">38412</subfield>
  </datafield>
  <datafield tag="952" ind1=" " ind2=" ">
    <subfield code="0">0</subfield>
    <subfield code="1">0</subfield>
    <subfield code="2">ddc</subfield>
    <subfield code="4">0</subfield>
    <subfield code="7">0</subfield>
    <subfield code="8">INF</subfield>
    <subfield code="a">MEGUAMAL</subfield>
    <subfield code="b">MEGUAMAL</subfield>
    <subfield code="c">SInf</subfield>
    <subfield code="d">2024-10-04</subfield>
    <subfield code="l">0</subfield>
    <subfield code="o">C MOL</subfield>
    <subfield code="p">GUA004194</subfield>
    <subfield code="r">2024-10-04 15:46:45</subfield>
    <subfield code="t">Ej.1</subfield>
    <subfield code="w">2024-10-04</subfield>
    <subfield code="y">BKINF</subfield>
  </datafield>
  <datafield tag="952" ind1=" " ind2=" ">
    <subfield code="0">0</subfield>
    <subfield code="1">0</subfield>
    <subfield code="2">ddc</subfield>
    <subfield code="4">0</subfield>
    <subfield code="7">0</subfield>
    <subfield code="8">INF</subfield>
    <subfield code="a">MEGUAMAL</subfield>
    <subfield code="b">MEGUAMAL</subfield>
    <subfield code="c">SInf</subfield>
    <subfield code="d">2024-10-04</subfield>
    <subfield code="l">0</subfield>
    <subfield code="o">C MOL</subfield>
    <subfield code="p">GUA004195</subfield>
    <subfield code="r">2024-10-04 15:58:33</subfield>
    <subfield code="t">Ej.1</subfield>
    <subfield code="w">2024-10-04</subfield>
    <subfield code="y">BKINF</subfield>
  </datafield>
</record>
